Παραμύθια απ' όλο τον κόσμο : ιστορίες, μύθοι και άλλα λαϊκά αφηγήματα
Αποθηκεύτηκε σε:
| Άλλοι συγγραφείς: | |
|---|---|
| Μορφή: | Βιβλίο |
| Γλώσσα: | Greek Italian |
| Δημοσίευση: |
Αθήνα :
Gutenberg,
1986.
|
| Θέματα: | |
| Ετικέτες: |
Προσθήκη ετικέτας
Δεν υπάρχουν, Καταχωρήστε ετικέτα πρώτοι!
|
MARC
| LEADER | 00000cam a2200000 i 4500 | ||
|---|---|---|---|
| 001 | 1/20055 | ||
| 008 | 930924s1986 gr | ||| |||| ||gre|| | ||
| 035 | |a 1989 |b 2 |c Δωρεά |l 10035937 | ||
| 040 | |a GR-MyUA |b gre |e AACR2 | ||
| 041 | 1 | |a gre |h ita | |
| 082 | 7 | |a 398.2 |2 (7) | |
| 245 | 1 | 0 | |a Παραμύθια απ' όλο τον κόσμο : |b ιστορίες, μύθοι και άλλα λαϊκά αφηγήματα / |c συγκεντρωμένα απο τους Βλαντισλάβ Στανόβσκι και Γιαν Βλαντισλάβ ; επιμέλεια Gianni Rodari ; μετάφραση Ζωή Κ. Μπέλλα ; εικονογράφηση M. E. Agostinelli. |
| 260 | |a Αθήνα : |b Gutenberg, |c 1986. | ||
| 300 | |a 6 τ. | ||
| 500 | |a Τίτλος πρωτοτύπου: Enciclopedia della favola: fiabe di tutto il mondo. | ||
| 650 | 0 | 0 | |a Fairy tales. |
| 650 | 0 | 0 | |a Children's stories. |
| 650 | 0 | 0 | |a Folk literature. |
| 655 | 7 | |a Fairy tales |2 lcgft | |
| 700 | 1 | |a Rodari, Gianni. | |
| 852 | |a INST |b RHODES |e 19930924 |h 398.2 ΠΑΡ |p 005400004089 |q 005400004089 |t BK |y 0 |z τ.1 | ||
| 852 | |a INST |b RHODES |e 19930924 |h 398.2 ΠΑΡ |p 005400004096 |q 005400004096 |t BK |y 0 |z τ.2 | ||
| 852 | |a INST |b RHODES |e 19930924 |h 398.2 ΠΑΡ |p 005400004097 |q 005400004097 |t BK |y 0 |z τ.3 | ||
| 852 | |a INST |b RHODES |e 19930924 |h 398.2 ΠΑΡ |p 005400004098 |q 005400004098 |t BK |y 0 |z τ.4 | ||
| 852 | |a INST |b RHODES |e 19930924 |h 398.2 ΠΑΡ |p 005400004099 |q 005400004099 |t BK |y 0 |z τ.5 | ||
| 852 | |a INST |b RHODES |e 19930924 |h 398.2 ΠΑΡ |p 005400004100 |q 005400004100 |t BK |y 0 |z τ.6 | ||
| 852 | |a INST |b RHODES |e 19930924 |h 398.2 ΠΑΡ |p 005400004089 |q 005400004089 |t BK |v τ.1: |y 0 |z τ.1 | ||
| 852 | |a INST |b RHODES |e 19930924 |h 398.2 ΠΑΡ |p 005400004096 |q 005400004096 |t BK |v τ.2: |y 0 |z τ.2 | ||
| 852 | |a INST |b RHODES |e 19930924 |h 398.2 ΠΑΡ |p 005400004097 |q 005400004097 |t BK |v τ.3: |y 0 |z τ.3 | ||
| 852 | |a INST |b RHODES |e 19930924 |h 398.2 ΠΑΡ |p 005400004098 |q 005400004098 |t BK |v τ.4: |y 0 |z τ.4 | ||
| 852 | |a INST |b RHODES |e 19930924 |h 398.2 ΠΑΡ |p 005400004099 |q 005400004099 |t BK |v τ.5: |y 0 |z τ.5 | ||
| 852 | |a INST |b RHODES |e 19930924 |h 398.2 ΠΑΡ |p 005400004100 |q 005400004100 |t BK |v τ.6: |y 0 |z τ.6 | ||
| 853 | |a INST |b RHODES |h 398.2 ΠΑΡ | ||
| 909 | |a Ρ |b 014880 | ||
| 909 | |a Ρ |b 014881 | ||
| 909 | |a Ρ |b 014882 | ||
| 909 | |a Ρ |b 014883 | ||
| 909 | |a Ρ |b 014884 | ||
| 909 | |a Ρ |b 014885 | ||